000 00277nam a2200121Ia 4500
008 210312s9999||||xx |||||||||||||| ||und||
041 _aosm
050 _aBL80
050 _bM84
245 0 _aMuhtelif milletlerin Allah itikadları
260 _c1927
650 _aDin--İnançlar
999 _c21971
_d21971